Samajtattwar parichay-I (Major1)/ (Record no. 12200)
[ view plain ]
| 000 -LEADER | |
|---|---|
| fixed length control field | 00589nam a22002057a 4500 |
| 005 - DATE AND TIME OF LATEST TRANSACTION | |
| control field | 20260515115111.0 |
| 008 - FIXED-LENGTH DATA ELEMENTS--GENERAL INFORMATION | |
| fixed length control field | 250902b |||||||| |||| 00| 0 eng d |
| 020 ## - INTERNATIONAL STANDARD BOOK NUMBER | |
| International Standard Book Number | 9788198813107 |
| 040 ## - CATALOGING SOURCE | |
| Original cataloging agency | IN-DiNC |
| Transcribing agency | IN-DiNC |
| 041 ## - LANGUAGE CODE | |
| Language code of sung or spoken text | asm |
| 082 ## - DEWEY DECIMAL CLASSIFICATION NUMBER | |
| Classification number | 301 |
| Item number | BOR |
| 100 ## - MAIN ENTRY--PERSONAL NAME | |
| Personal name | Borah, Birinchi Kumar |
| Relator term | author |
| 245 ## - TITLE STATEMENT | |
| Title | Samajtattwar parichay-I (Major1)/ |
| Statement of responsibility, etc. | by Birinchi Kumar Borah and Dilip Chutia |
| 250 ## - EDITION STATEMENT | |
| Edition statement | 1st ed. |
| 260 ## - PUBLICATION, DISTRIBUTION, ETC. | |
| Place of publication, distribution, etc. | Jorhat: |
| Name of publisher, distributor, etc. | Bidya bhawan, |
| Date of publication, distribution, etc. | 2025. |
| 300 ## - PHYSICAL DESCRIPTION | |
| Extent | 243p. |
| 650 ## - SUBJECT ADDED ENTRY--TOPICAL TERM | |
| Topical term or geographic name entry element | Introduction to sociolog-I (Major1) |
| 700 ## - ADDED ENTRY--PERSONAL NAME | |
| Personal name | Chutia, Dilip |
| Relator term | author |
| 942 ## - ADDED ENTRY ELEMENTS (KOHA) | |
| Source of classification or shelving scheme | Dewey Decimal Classification |
| Koha item type | Books |
| Withdrawn status | Lost status | Source of classification or shelving scheme | Damaged status | Not for loan | Collection | Home library | Current library | Shelving location | Date acquired | Cost, normal purchase price | Total checkouts | Full call number | Barcode | Date last seen | Date last checked out | Copy number | Price effective from | Koha item type |
|---|---|---|---|---|---|---|---|---|---|---|---|---|---|---|---|---|---|---|
| Dewey Decimal Classification | Naharkatiya College Library | Naharkatiya College Library | General stacks | 09/02/2025 | 240.00 | 1 | 301 BOR | 30992 | 10/24/2025 | 09/27/2025 | 1 | 09/02/2025 | Books | |||||
| Dewey Decimal Classification | Naharkatiya College Library | Naharkatiya College Library | General stacks | 09/02/2025 | 240.00 | 1 | 301 BOR | 30993 | 11/01/2025 | 10/10/2025 | 2 | 09/02/2025 | Books | |||||
| Dewey Decimal Classification | Naharkatiya College Library | Naharkatiya College Library | General stacks | 09/02/2025 | 240.00 | 1 | 301 BOR | 30994 | 09/06/2025 | 09/05/2025 | 3 | 09/02/2025 | Books |